Bilecik Bilecik Bilecik Bilecik Bilecik

Sanattan tedaviye ergoterapi/ (Record no. 65973)

MARC details
000 -BAŞLIK
Sabit Uzunluktaki Kontrol Alanı 01241nam a22003497a 4500
001 - KONTROL NUMARASI
Control Dosyası 0065638
003 - KONTROL NUMARASI KİMLİĞİ
Kontrol Alanı KOHA_MİRAKIL
005 - EN SON İŞLEM TARİHİ ve ZAMANI
Kontrol Alanı 20260207004607.0
007 - FİZİKSEL TANIM SABİT ALAN - GENEL BİLGİ
Sabit uzunluklu kontrol alanı ta
008 - SABİT UZUNLUKTAKİ VERİ ÖGELERİ - GENEL BİLGİ
Sabit Alan 200622b2019 tu |||gr||||#||||0|tur |
020 ## - ISBN - ULUSLARARASI STANDART KİTAP NUMARASI
Isbn 9786059596176
040 ## - KATALOGLAMA KAYNAĞI
Özgün Kataloglama Kurumu TR-BiSEU
Kataloglama Dili tur
Çeviri Kurumu TR-BiSEU
Açıklama Kuralları rda
041 0# - DİL KODU
Metin ya da ses kaydının dil kodu tur
044 ## - YAYINLAYAN/ÜRETEN KURULUŞUN ÜLKE KODU
ISO country code tu
050 ## - SINIFLAMA ve YER NUMARASI
Sınıflama Numarası RM735
Yer Numarası .T37 2019
100 1# - KİŞİ ADI
Yazar Adı (Kişi adı) Tarhan, Nevzat.
245 1# - ESER ADI BİLDİRİMİ
Başlık Sanattan tedaviye ergoterapi/
Sorumluluk Bildirimi Nevzat Tarhan ; Nevzat Tarhan; hazırlayan Ebruzen Ayda Aktay; editör Fatma Özten.
264 #1 - ÜRERİM, YAYIN, DAĞITIM ve TELİF BİLDİRİMİ
Yayın yeri İstanbul :
Yayınlayan Üsküdar Üniversitesi Yayınları
Yayın tarihi 2019
300 ## - FİZİKSEL TANIMLAMA
Sayfa, Cilt vb. 136 sayfa: resimli; 23 cm.
336 ## - İÇERİK TÜRÜ
Content type term metin
Content type code txt
Source rdacontent
337 ## - MEDYA TÜRÜ
Media type term aracısız
Media type code n
Source rdamedia
338 ## - TAŞIYICI TÜRÜ
Carrier type term cilt
Carrier type code nc
Source rdacarrier
490 1# - DİZİ BİLDİRİMİ
Dizi Bildirimi Üsküdar Üniversitesi yayınları ;
Cilt Numarası 11
650 #0 - KONU BAŞLIĞI EK GİRİŞ - KONU TERİMİ
Konusal terim veya coğrafi ad People with disabilities--Rehabilitation
9 (RLIN) 123101
650 #0 - KONU BAŞLIĞI EK GİRİŞ - KONU TERİMİ
Konusal terim veya coğrafi ad Özürlü insanlar--Rehabilitasyon
9 (RLIN) 123102
650 #0 - KONU BAŞLIĞI EK GİRİŞ - KONU TERİMİ
Konusal terim veya coğrafi ad Occupational therapy--Vocational guidance
9 (RLIN) 123103
650 #0 - KONU BAŞLIĞI EK GİRİŞ - KONU TERİMİ
Konusal terim veya coğrafi ad Mesleki terapi--Mesleki rehberlik
9 (RLIN) 123104
650 #0 - KONU BAŞLIĞI EK GİRİŞ - KONU TERİMİ
Konusal terim veya coğrafi ad Medical rehabilitation
9 (RLIN) 123105
650 #0 - KONU BAŞLIĞI EK GİRİŞ - KONU TERİMİ
Konusal terim veya coğrafi ad Tıbbi rehabilitasyon
9 (RLIN) 123106
830 1# - SERİ EK GİRİŞİ - TEKBİÇİM ESER ADI
Tekbiçim Başlık Üsküdar Üniversitesi yayınları ;
Volume number/sequential designation 11
9 (RLIN) 104089
942 ## - EK GİRİŞ ÖGELERİ (KOHA)
Source of classification or shelving scheme Library of Congress Classification
Koha item type Book
Holdings
Materyal Türü Kalıcı Konum Mevcut Konum Raf Yeri Sınıflandırma Kaynağı Edinim Bilgisi Ana Konular Alt Konular Yer Numarası Demirbaş Numarası Fatura Tarihi Geri Çekilme Durumu Kayıp Durumu Hasarlı Durumu Kredi için değil Kayıt Tarih Toplam Ödünçverme Son Görülme Tarihi Son Kontrol Tarihi Genel / Bağış Notu
Book Prof. Dr. Azmi Özcan Kütüphanesi Prof. Dr. Azmi Özcan Kütüphanesi Birûni Salonu Library of Congress Classification Bağış TIP Tedavi ediciler, Farmakoloji RM735 .T37 2019 0065638 02/02/2026         22/06/2020   05/03/2025 05/03/2025 Genel Bağış